| 000 | 004620000a22001690004500 | ||
|---|---|---|---|
| 003 | MACL | ||
| 005 | 20160106131538.0 | ||
| 008 | 160106b xxu||||| |||| 00| 0 eng d | ||
| 040 |
_aMACL _cMACL |
||
| 041 | _aEnglish | ||
| 082 | _a900/WEL | ||
| 100 |
_aWells, H G _98869 |
||
| 245 |
_aThe Outline of History _bBeing a Plain History of Life and Mankind |
||
| 260 |
_bCassell And Company Ltd _c1956 _aLondon |
||
| 650 |
_aHistory _928618 |
||
| 942 |
_cBK _k900/WEL _2ddc |
||
| 999 |
_c39158 _d39158 |
||